[Event "Open Est 2016-2017"]
[Site "Aubagne"]
[Date "2017.04.29"]
[Round "9.25"]
[White "Rocchia, Alex"]
[Black "Tramarin, Matteo"]
[Result "1/2-1/2"]
[WhiteElo "1257"]
[BlackElo "1154"]
[PlyCount "109"]
[EventDate "2016.??.??"]
[WhiteTeam "Cercle d'Echecs Aubagnais"]
[BlackTeam "Cercle d'Echecs Aubagnais"]

1. e4 d5 2. exd5 Qxd5 3. Nc3 Qa5 4. Nf3 Nf6 5. Bc4 c6 6. a3 Bf5 7. O-O e6 8. d3
Qc7 9. b4 c5 10. b5 Nbd7 11. Re1 Bd6 12. Ne4 Bxe4 13. dxe4 Ne5 14. Nd2 Nxc4 15.
Nxc4 Bxh2+ 16. Kf1 h5 17. e5 Ng4 18. Nd6+ Ke7 19. Bg5+ f6 20. exf6+ gxf6 21.
Qd5 Qxd6 22. Qxb7+ Qc7 23. Qe4 Ne5 24. Bf4 Bxf4 25. Qxf4 Rhg8 26. Re2 Rg4 27.
Qh2 Rg5 28. Rae1 Rb8 29. a4 a6 30. bxa6 Ra8 31. Qh4 Rxa6 32. f4 Rxa4 33. Re4
Rxe4 34. Rxe4 Rf5 35. Ke2 Ng6 36. Qh1 Nxf4+ 37. Ke3 Nd5+ 38. Kd3 Qg3+ 39. Kc4
Qc3+ 40. Kb5 Nc7+ 41. Kc6 Qxc2 42. g4 Re5 43. Rxe5 fxe5 44. Kxc7 hxg4 45. Qh4+
Kf7 46. Qxg4 Qf5 47. Qc4 e4 48. Qc3 Qd5 49. Qh8 c4 50. Qh7+ Kf6 51. Qh4+ Ke5
52. Qg5+ Kd4 53. Qd2+ Kc5 54. Qa5+ Kd4 55. Qd2+ 1/2-1/2

[Event "Open Est 2016-2017"]
[Site "Aubagne"]
[Date "2017.04.29"]
[Round "9.26"]
[White "Piquemal, Jean Christophe"]
[Black "Salvi, Angele"]
[Result "1-0"]
[WhiteElo "1195"]
[BlackElo "1082"]
[PlyCount "31"]
[EventDate "2016.??.??"]
[WhiteTeam "Marseille Echecs"]
[BlackTeam "Cercle d'Echecs Aubagnais"]

1. e4 d5 2. d3 c5 3. c3 e6 4. Be2 Ne7 5. Nf3 Nbc6 6. O-O Ng6 7. a4 a5 8. Na3 b6
9. Nb5 dxe4 10. dxe4 Qxd1 11. Rxd1 Ba6 12. Nc7+ Ke7 13. Bxa6 Rc8 14. Bxc8 Na7
15. Bg5+ f6 16. Rd7# 1-0

[Event "Open Est 2016-2017"]
[Site "Aubagne"]
[Date "2017.04.29"]
[Round "9.27"]
[White "Feron, Anne-Marie"]
[Black "Garbe, Georges"]
[Result "1-0"]
[WhiteElo "1399"]
[BlackElo "1176"]
[PlyCount "173"]
[EventDate "2016.??.??"]
[WhiteTeam "Club d'Echecs Pennois (CEP)"]
[BlackTeam "Cercle d'Echecs Aubagnais"]

1. c4 f5 2. Nc3 Nf6 3. g3 e6 4. e3 c6 5. Bg2 Bd6 6. Nge2 O-O 7. O-O Bc7 8. d4
d5 9. c5 Bd7 10. b4 a6 11. Nf4 Be8 12. Nxe6 Qe7 13. Nxf8 Qxf8 14. Bb2 Qf7 15.
Ne2 Qh5 16. Nf4 Qxd1 17. Raxd1 Bf7 18. a3 g5 19. Nd3 Bh5 20. Rde1 Nbd7 21. f3
Re8 22. f4 g4 23. h3 Kh8 24. h4 Bg6 25. Ne5 Nxe5 26. fxe5 Nh5 27. Kh2 Kg8 28.
Bc3 Ng7 29. Re2 Bd8 30. Bd2 Rf8 31. a4 Bc7 32. Rb1 f4 33. exf4 Bxb1 34. Rf2 Nf5
35. Bc3 Ne3 36. Bh1 Nd1 37. Rb2 Nxb2 38. Bxb2 Bc2 39. a5 Bd3 40. Bg2 Be4 41.
Bc3 h5 42. Bf1 Kf7 43. Be2 Kg6 44. Bd1 Bf3 45. Bc2+ Be4 46. Bd1 Bf3 47. Bc2+
Be4 48. Bd1 Kg7 49. Be2 Ra8 50. Bf1 Bd8 51. Bb2 Rb8 52. Be2 Bc2 53. Bc1 Ba4 54.
Bd3 Bb5 55. Bc2 Bc4 56. Bd2 Be2 57. f5 Kf7 58. Bf4 Rc8 59. e6+ Ke7 60. Bd6+ Ke8
61. Kg2 Bc7 62. Kf2 Bf3 63. Ke3 Bxd6 64. cxd6 Rd8 65. d7+ Ke7 66. Kf4 Be4 67.
Bd1 Rxd7 68. exd7 Kxd7 69. Kg5 Ke8 70. f6 Kf7 71. Kxh5 Kxf6 72. Kxg4 Bf5+ 73.
Kh5 Bg6+ 74. Kg4 Bf5+ 75. Kh5 Bg6+ 76. Kh6 Bf7 77. g4 Bg6 78. g5+ Kf7 79. Bh5
Bxh5 80. Kxh5 Kg7 81. Kg4 Kf7 82. Kf5 Kg7 83. h5 Kh7 84. Kf6 Kg8 85. h6 Kh7 86.
g6+ Kxh6 87. Kf7 1-0

[Event "Open Est 2016-2017"]
[Site "Aubagne"]
[Date "2017.04.29"]
[Round "9.28"]
[White "Periale, Francine"]
[Black "Vidal, Jean-Pierre"]
[Result "0-1"]
[WhiteElo "1096"]
[BlackElo "1287"]
[PlyCount "78"]
[EventDate "2016.??.??"]
[WhiteTeam "Cercle d'Echecs Aubagnais"]
[BlackTeam "Club d'Echecs Pennois (CEP)"]

1. d4 d5 2. Nf3 e6 3. Bf4 Nd7 4. e3 Ngf6 5. Nc3 a6 6. h3 Nh5 7. Bh2 c5 8. b3 b5
9. a4 cxd4 10. Nxd4 Bb7 11. Bd3 Nhf6 12. O-O Qc8 13. Nce2 Nc5 14. Nf4 e5 15.
Bf5 Qc7 16. Nh5 g6 17. Nxf6+ Ke7 18. Bg4 exd4 19. Qxd4 Qc6 20. Qe5+ Ne6 21.
Rac1 Bg7 22. Qg3 Bxf6 23. f4 h5 24. Bxe6 Qxe6 25. Qf3 Rhc8 26. Rf2 Rc3 27. Re2
Bh4 28. g3 Bf6 29. g4 Bc6 30. f5 Qe4 31. Qxe4+ dxe4 32. fxg6 fxg6 33. g5 Bxg5
34. Rg2 Bxe3+ 35. Kf1 Rf8+ 36. Ke2 Rxc2+ 37. Kxe3 Rxg2 38. Bg1 Rg3+ 39. Kd4
Rd8+ 0-1

[Event "Open Est 2016-2017"]
[Site "Aubagne"]
[Date "2017.04.29"]
[Round "9.29"]
[White "Rieu, Jean"]
[Black "Soulet, Kylian"]
[Result "0-1"]
[WhiteElo "1236"]
[BlackElo "1158"]
[PlyCount "38"]
[EventDate "2016.??.??"]
[WhiteTeam "U.S.C.M."]
[BlackTeam "Cassis Echecs"]

1. Nf3 c6 2. Nc3 d5 3. d4 Bf5 4. e3 Nd7 5. Nh4 Bg6 6. Nxg6 fxg6 7. Bd3 e6 8. a3
c5 9. Bb5 a6 10. Bxd7+ Qxd7 11. O-O Nf6 12. Re1 h5 13. b3 h4 14. Na4 Qc7 15. f4
Ne4 16. Qf3 b5 17. dxc5 Bxc5 18. Nxc5 Qxc5 19. Bb2 h3 0-1

[Event "Open Est 2016-2017"]
[Site "Aubagne"]
[Date "2017.04.29"]
[Round "9.30"]
[White "Masson, Wally"]
[Black "Pegon, Claude"]
[Result "1-0"]
[WhiteElo "1190"]
[BlackElo "1140"]
[PlyCount "75"]
[EventDate "2016.??.??"]
[WhiteTeam "Cercle d'Echecs Aubagnais"]
[BlackTeam "La Ciotat Echecs (LCE)"]

1. Nf3 c5 2. e4 d6 3. Bc4 Nf6 4. O-O Nxe4 5. Re1 Bf5 6. d3 Nf6 7. d4 d5 8. Re5
Qc8 9. Bxd5 e6 10. Na3 Nxd5 11. Qe2 a6 12. Rxd5 Be7 13. Re5 O-O 14. Bg5 Nc6 15.
Bxe7 Nxe7 16. Rxc5 Qd8 17. Rd1 Nd5 18. c3 g5 19. Rd3 Nf4 20. Qd2 Nxd3 21. Rxf5
exf5 22. Qxd3 Qf6 23. Ne5 Rad8 24. Nac4 b5 25. Ne3 f4 26. N3g4 Qd6 27. Qf5 f6
28. Nh6+ Kh8 29. Nhf7+ Rxf7 30. Nxf7+ Kg7 31. Nxd6 Rxd6 32. h4 h6 33. hxg5 fxg5
34. Qe5+ Rf6 35. d5 Kg6 36. d6 f3 37. d7 Rf5 38. Qd6+ 1-0

[Event "Open Est 2016-2017"]
[Site "Aubagne"]
[Date "2017.04.29"]
[Round "9.31"]
[White "Soulet, Julia"]
[Black "Catanese, Sauveur"]
[Result "1-0"]
[WhiteElo "1172"]
[BlackElo "1120"]
[PlyCount "49"]
[EventDate "2016.??.??"]
[WhiteTeam "Cassis Echecs"]
[BlackTeam "Cercle d'Echecs Aubagnais"]

1. d4 d6 2. e4 g6 3. Bc4 f6 4. Nf3 Nd7 5. c3 c6 6. Qb3 Qb6 7. Bxg8 Qxb3 8. Bxb3
Nb6 9. O-O e6 10. e5 Bg7 11. exd6 Bd7 12. c4 O-O 13. c5 Nc8 14. Nc3 Re8 15. Re1
a6 16. Bd2 Na7 17. Re2 b5 18. cxb6 Rab8 19. bxa7 Ra8 20. Rae1 Rxa7 21. Bxe6+
Rxe6 22. Rxe6 Ra8 23. Re7 Bg4 24. d7 Bxd7 25. Rxd7 1-0

[Event "Open Est 2016-2017"]
[Site "Aubagne"]
[Date "2017.04.29"]
[Round "9.32"]
[White "Denis, Karine"]
[Black "Burnel, Marie-France"]
[Result "1-0"]
[WhiteElo "1171"]
[BlackElo "1066"]
[PlyCount "73"]
[EventDate "2016.??.??"]
[WhiteTeam "Marseille Passion Echecs"]
[BlackTeam "Cercle d'Echecs Aubagnais"]

1. d4 d5 2. Nf3 Nf6 3. Bf4 Nc6 4. e3 g6 5. c3 Bg7 6. Bd3 O-O 7. Nbd2 Nh5 8. Bg3
Nxg3 9. hxg3 Bg4 10. Qc2 a5 11. O-O-O a4 12. a3 f5 13. Ng5 e6 14. Nxe6 Qd7 15.
Nxf8 Bxf8 16. Rdg1 Ne7 17. f3 Bh5 18. Be2 b5 19. Qd1 g5 20. g4 Bg6 21. Kb1 Rc8
22. Ka1 c5 23. Rh2 Kf7 24. gxf5 Nxf5 25. Rgh1 h6 26. Nf1 c4 27. g4 Ne7 28. f4
Be4 29. Rg1 gxf4 30. Rf2 f3 31. Bxf3 Ke8 32. g5 Rc6 33. Bh5+ Bg6 34. Bxg6+ Rxg6
35. Qf3 Nf5 36. Qxf5 Qxf5 37. Rxf5 1-0

[Event "Open Est 2016-2017"]
[Site "Aubagne"]
[Date "2017.04.29"]
[Round "9.33"]
[White "Naam, Shedy"]
[Black "Turpin, Isabelle"]
[Result "1-0"]
[WhiteElo "1150"]
[BlackElo "1152"]
[PlyCount "141"]
[EventDate "2016.??.??"]
[WhiteTeam "Cassis Echecs"]
[BlackTeam "Cercle d'Echecs Aubagnais"]

1. e4 Nc6 2. Nc3 Nf6 3. Nf3 e5 4. d4 Qe7 5. Bc4 exd4 6. Nxd4 Nxe4 7. Nxe4 Qxe4+
8. Qe2 Qxe2+ 9. Nxe2 Bc5 10. O-O O-O 11. Be3 b6 12. Bxc5 bxc5 13. Bd5 Bb7 14.
Rfe1 Rab8 15. Nf4 Nb4 16. Red1 g5 17. Bxb7 Rxb7 18. Nd5 Nxc2 19. Rac1 Nd4 20.
Nf6+ Kg7 21. Nh5+ Kg6 22. Ng3 Rxb2 23. Rxc5 Ne2+ 24. Nxe2 Rxe2 25. Rxc7 Rfe8
26. Rcc1 Rxa2 27. Rxd7 Ree2 28. Rf1 a5 29. Rd6+ Kg7 30. Ra6 a4 31. Ra5 h6 32.
h3 f6 33. g4 Re5 34. Ra7+ Kf8 35. Kg2 f5 36. gxf5 Rxf5 37. Kg3 h5 38. Rb1 Ra3+
39. Kg2 Kg8 40. Rb8+ Rf8 41. Rb6 Rxf2+ 42. Kxf2 Ra2+ 43. Ke3 Ra3+ 44. Kd4 Rf3
45. Rb8+ Rf8 46. Raa8 Rxb8 47. Rxb8+ Kf7 48. Rb7+ Kf6 49. Ke4 g4 50. hxg4 hxg4
51. Kf4 a3 52. Ra7 Kg6 53. Kxg4 a2 54. Rxa2 Kf6 55. Ra5 Ke6 56. Kf4 Kd6 57. Re5
Kc6 58. Ke4 Kd6 59. Kd4 Kc6 60. Rd5 Kc7 61. Kc5 Kb7 62. Rd6 Kc8 63. Kc6 Kb8 64.
Rd7 Kc8 65. Rh7 Kd8 66. Kd6 Ke8 67. Ke6 Kd8 68. Rg7 Kc8 69. Kd6 Kb8 70. Kc6 Kc8
71. Rg8# 1-0

[Event "Open Est 2016-2017"]
[Site "Aubagne"]
[Date "2017.04.29"]
[Round "9.34"]
[White "Pentcheff, Julie"]
[Black "De Laurentis, Pierre"]
[Result "1-0"]
[WhiteElo "1090"]
[BlackElo "1399"]
[PlyCount "113"]
[EventDate "2016.??.??"]
[WhiteTeam "Cassis Echecs"]
[BlackTeam "Cassis Echecs"]

1. d4 d6 2. Bg5 Nf6 3. e3 g6 4. Bd3 Bg7 5. Nf3 O-O 6. Nc3 Nbd7 7. O-O c5 8.
dxc5 dxc5 9. Bc4 h6 10. Rb1 hxg5 11. Nxg5 Ne5 12. Qxd8 Rxd8 13. Bb3 Bh6 14.
Nge4 Nfg4 15. Rfd1 Re8 16. Nd5 Rb8 17. Nc7 Rf8 18. Rd2 a6 19. Rbd1 Kg7 20. Rd8
Bf5 21. Rxb8 Rxb8 22. Nxc5 Rc8 23. h3 Nf6 24. N5e6+ fxe6 25. Nxe6+ Kf7 26. Ng5+
Kg7 27. Ne6+ Bxe6 28. Bxe6 Rc6 29. Bb3 b5 30. f4 Nc4 31. a3 Re6 32. Re1 a5 33.
a4 Nxb2 34. Bxe6 bxa4 35. Rb1 a3 36. Ra1 Na4 37. Rxa3 Nb2 38. Rxa5 Nd1 39. Ra7
Kf8 40. Ra8+ Ne8 41. Bd7 e6 42. Rxe8+ Kf7 43. Rxe6 Nxe3 44. Rxe3 Bxf4 45. Rf3
g5 46. h4 Ke7 47. Bb5 Kd6 48. hxg5 Ke5 49. g6 Ke4 50. g7 Be3+ 51. Rxe3+ Kxe3
52. g8=Q Kd2 53. Qe8 Kxc2 54. Qd8 Kc3 55. Kf2 Kb4 56. Qc8 Kxb5 57. Ke3 1-0

[Event "Open Est 2016-2017"]
[Site "Aubagne"]
[Date "2017.04.29"]
[Round "9.35"]
[White "Naam, Mourad"]
[Black "Dektiannikov, Artiom"]
[Result "0-1"]
[WhiteElo "1399"]
[BlackElo "1053"]
[PlyCount "86"]
[EventDate "2016.??.??"]
[WhiteTeam "Cassis Echecs"]
[BlackTeam "Cassis Echecs"]

1. e4 e5 2. d3 Nf6 3. Bg5 h6 4. Bxf6 gxf6 5. Be2 Nc6 6. Bh5 d5 7. exd5 Qxd5 8.
Nc3 Qd4 9. Nf3 Qd8 10. O-O Bd6 11. Nd5 O-O 12. Qd2 Kh7 13. Rfe1 Be6 14. c4 Rh8
15. b4 Bxd5 16. cxd5 Bxb4 17. Qe3 Bxe1 18. Rxe1 Qxd5 19. Ra1 Nb4 20. Ne1 Rhe8
21. a3 Nc6 22. Rb1 e4 23. Rxb7 exd3 24. Qxd3+ Qxd3 25. Nxd3 Rac8 26. g4 a5 27.
Bxf7 Ne5 28. Bc4 Nxc4 29. Nc5 Nd6 30. Ra7 Kg6 31. Rxa5 Nc4 32. Ra4 Nb2 33. Rb4
Nd1 34. a4 Red8 35. Ne6 Rd6 36. Re4 Kf7 37. h4 Nc3 38. Re1 Rxe6 39. a5 Rxe1+
40. Kg2 Ne4 41. h5 Rd8 42. Kf3 Rd2 43. a6 Rxf2# 0-1

[Event "Open Est 2016-2017"]
[Site "Aubagne"]
[Date "2017.04.29"]
[Round "9.36"]
[White "Hours, Evelyne"]
[Black "Denis, Aurele"]
[Result "1-0"]
[WhiteElo "1399"]
[BlackElo "1010"]
[PlyCount "51"]
[EventDate "2016.??.??"]
[WhiteTeam "Club d'Echecs Pennois (CEP)"]
[BlackTeam "Marseille Passion Echecs"]

1. e4 g6 2. d4 Bg7 3. Nf3 Nf6 4. Nc3 O-O 5. Bc4 d6 6. O-O e5 7. dxe5 dxe5 8.
Nxe5 Be6 9. Bxe6 Qxd1 10. Rxd1 Nc6 11. Bxf7+ Rxf7 12. Nxf7 Kxf7 13. Rd2 Bh6 14.
Re2 Nd4 15. Bxh6 Nxe2+ 16. Nxe2 Re8 17. f3 Re7 18. Rd1 Ng8 19. Bg5 Re6 20. Rd7+
Ke8 21. Rxc7 h6 22. Rc8+ Kd7 23. Rd8+ Kc7 24. Rxg8 hxg5 25. Nd4 Rd6 26. Nb5+
1-0

[Event "Open Est 2016-2017"]
[Site "Aubagne"]
[Date "2017.04.29"]
[Round "9.37"]
[White "Gianfranceschi, Gerard"]
[Black "Pignol, Jeanne"]
[Result "0-1"]
[WhiteElo "1040"]
[BlackElo "1399"]
[PlyCount "88"]
[EventDate "2016.??.??"]
[WhiteTeam "Cercle d'Echecs Aubagnais"]
[BlackTeam "Club d'Echecs Pennois (CEP)"]

1. e4 e5 2. d4 Nc6 3. Nf3 d6 4. c3 Bg4 5. Qd3 Be7 6. d5 Nb8 7. Qb5+ Bd7 8. Qxb7
Nc6 9. dxc6 Rb8 10. cxd7+ Kxd7 11. Bb5+ Ke6 12. Qd5+ Kf6 13. Bg5+ Kg6 14. Nxe5+
dxe5 15. Qc6+ Qd6 16. Qc4 Bxg5 17. Ba4 Rd8 18. Na3 Nf6 19. O-O Qd2 20. Rad1
Qxd1 21. Bxd1 Rd7 22. Ba4 Rd6 23. Qxc7 Rd2 24. Nc4 Ne8 25. Nxe5+ Kf6 26. Nc4
Nxc7 27. Nxd2 Bxd2 28. Rd1 Rd8 29. b4 Ne6 30. c4 Ke5 31. c5 Kxe4 32. c6 Kd3 33.
b5 Nc5 34. c7 Rc8 35. Rb1 Nxa4 36. Rb3+ Ke2 37. Rg3 Rxc7 38. h3 Bf4 39. Re3+
Bxe3 40. fxe3 Kxe3 41. Kh2 Rc2 42. a3 Kf2 43. h4 Rc5 44. b6 axb6 0-1